Physics

The book provides a understanding of how physical phenomena are analyzed, illustrated with applications to specific situations. The overall theme is to show how the macroscopic properties of matter can be related to its microscopic structure. At every possible opportunity the molecular and atomic pr...

Полное описание

Сохранить в:
Библиографические подробности
Главный автор: Alonso, Marcelo
Формат:
Язык:Undetermined
Опубликовано: Reading, Massachusetts Addison-Wesley 1992
Предметы:
Метки: Добавить метку
Нет меток, Требуется 1-ая метка записи!
Thư viện lưu trữ: Trung tâm Học liệu Trường Đại học Cần Thơ
LEADER 00924nam a2200193Ia 4500
001 CTU_22868
008 210402s9999 xx 000 0 und d
082 |a 530 
082 |b A454 
100 |a Alonso, Marcelo 
245 0 |a Physics 
245 0 |c Marcelo Alonso, Edward J. Finn 
260 |a Reading, Massachusetts 
260 |b Addison-Wesley 
260 |c 1992 
520 |a The book provides a understanding of how physical phenomena are analyzed, illustrated with applications to specific situations. The overall theme is to show how the macroscopic properties of matter can be related to its microscopic structure. At every possible opportunity the molecular and atomic properties of matter are brought into focus, without necessarily waiting for a formal treatment experimental foundation and quantum theory 
650 |a Physics 
904 |i Minh, Hải 
980 |a Trung tâm Học liệu Trường Đại học Cần Thơ